| 000 | 00436nam a2200181Ia 4500 | ||
|---|---|---|---|
| 008 | 230524s9999 xx 000 0 und d | ||
| 020 | _a8186141286 | ||
| 082 |
_a339 _bBIH |
||
| 100 | _aS.C.Bihari | ||
| 245 | 0 | _aInsurance Management In The Reforms Era | |
| 250 | _aIST | ||
| 260 |
_aNEW DELHI _bSkylark _c2007 |
||
| 300 | _aXI;369 | ||
| 500 | _aQuantity Number: 5 | ||
| 650 | _aManagement | ||
| 700 | _a S.K.Baral | ||
| 942 | _cBK | ||
| 999 |
_c43349 _d43349 |
||